[Event "Geneve op 27th"]
[Site "Geneve"]
[Date "2013.03.08"]
[Round "7"]
[White "Hariz, Haissam"]
[Black "Puvimanasinghe, Marishque"]
[Result "1/2-1/2"]
[WhiteElo "1929"]
[BlackElo "1688"]
[PlyCount "92"]
[EventDate "2013.01.18"]
[EventType "swiss"]
[EventRounds "7"]
[EventCountry "SUI"]
[SourceTitle "EXT 2014"]
[Source "ChessBase"]
[SourceDate "2013.11.20"]
[SourceVersion "1"]
[SourceVersionDate "2013.11.20"]
[SourceQuality "1"]

1. d4 d5 2. c4 e6 3. Nc3 Nf6 4. cxd5 exd5 5. Bg5 Be7 6. Qc2 c6 7. e3 0-0 8. Bd3 Nbd7 9. Nf3 h6 10. Bf4 b6 11. 0-0 Bb7 12. Rab1 c5 13. Nb5 Ne8 14. b3 a6 15. Nc3 Bd6 16. Bxd6 Nxd6 17. Qe2 Ne4 18. Rbc1 Re8 19. Rfd1 f5 20. dxc5 Ndxc5 21. b4 Nxc3 22. Rxc3 Ne4 23. Bxe4 fxe4 24. Nd4 Rc8 25. Rdc1 Qf6 26. Qg4 Rxc3 27. Rxc3 Rf8 28. Qe6+ Qxe6 29. Nxe6 Rc8 30. Rxc8+ Bxc8 31. Nd4 Bd7 32. Kf1 Kf7 33. Ke2 Ke7 34. Kd2 Kd6 35. f4 Bc8 36. Kc3 Bd7 37. h3 h5 38. Ne2 h4 39. Nd4 Bc8 40. Kd2 g6 41. Ke2 Bd7 42. Kf2 Ke7 43. g3 hxg3+ 44. Kxg3 Kf6 45. Kh4 Be8 46. Ne2 Bd7 1/2-1/2

[Event "Geneve op 27th"]
[Site "Geneve"]
[Date "2013.02.08"]
[Round "4"]
[White "Nawrocki, Bronislaw"]
[Black "Puvimanasinghe, Marishque"]
[Result "1-0"]
[WhiteElo "1748"]
[BlackElo "1688"]
[PlyCount "75"]
[EventDate "2013.01.18"]
[EventType "swiss"]
[EventRounds "7"]
[EventCountry "SUI"]
[SourceTitle "EXT 2014"]
[Source "ChessBase"]
[SourceDate "2013.11.20"]
[SourceVersion "1"]
[SourceVersionDate "2013.11.20"]
[SourceQuality "1"]

1. e4 c5 2. c3 d5 3. exd5 Qxd5 4. d4 Nf6 5. Nf3 Bg4 6. Be2 e6 7. 0-0 Nc6 8. h3 Bh5 9. Be3 cxd4 10. cxd4 Be7 11. Nc3 Qd6 12. Qb3 0-0 13. a3 Rac8 14. Nb5 Qb8 15. Nc3 Rfd8 16. Rfe1 a6 17. Qa4 h6 18. Rac1 Bg6 19. b4 Ne4 20. b5 axb5 21. Nxb5 Nd6 22. Bf4 Qa8 23. Qb3 Nxb5 24. Qxb5 Nxd4 25. Nxd4 Rxd4 26. Rxc8+ Qxc8 27. Be3 Rd5 28. Qa4 Bd3 29. Rc1 Qd8 30. Bf3 Bb5 31. Qb3 Rf5 32. Bxb7 Bd7 33. Bb6 Qb8 34. Bc7 Qa7 35. Bf3 Rb5 36. Qd3 Be8 37. Bg3 Bd7 38. Rc7 1-0

[Event "Geneve op 27th"]
[Site "Geneve"]
[Date "2013.02.01"]
[Round "3"]
[White "Puvimanasinghe, Marishque"]
[Black "Champoud, Gilles"]
[Result "1-0"]
[WhiteElo "1688"]
[BlackElo "1420"]
[PlyCount "89"]
[EventDate "2013.01.18"]
[EventType "swiss"]
[EventRounds "7"]
[EventCountry "SUI"]
[SourceTitle "EXT 2014"]
[Source "ChessBase"]
[SourceDate "2013.11.20"]
[SourceVersion "1"]
[SourceVersionDate "2013.11.20"]
[SourceQuality "1"]

1. d4 d5 2. c4 e6 3. Nc3 Nf6 4. Nf3 Bb4 5. Bd2 0-0 6. a3 Be7 7. e3 c5 8. cxd5 exd5 9. h3 a6 10. Bd3 Nc6 11. 0-0 Qd6 12. Rc1 Bd8 13. dxc5 Qxc5 14. Ne4 Qe7 15. Nxf6+ Qxf6 16. Bc3 Qd6 17. Bb1 Bc7 18. Qd3 g6 19. Rfd1 Be6 20. e4 Rad8 21. e5 Qd7 22. Qe3 Rfe8 23. Qh6 Rf8 24. Ng5 f6 25. exf6 Ne5 26. f7+ Rxf7 27. Nxf7 Qxf7 28. Bd4 Bd6 29. Re1 Nc4 30. Bxg6 Qxg6 31. Qxg6+ hxg6 32. Rxe6 Kh7 33. Rc3 Nxb2 34. Rf3 Nc4 35. Rf7+ Kg8 36. Rg7+ Kf8 37. Rgxg6 Bxa3 38. Rgf6+ Kg8 39. h4 a5 40. h5 Bf8 41. h6 a4 42. g4 b5 43. g5 a3 44. Rxf8+ Rxf8 45. g6 1-0